[Event "IIFL Wealth  4th Mumbai Junior U-13"]
[Site "Mumbai"]
[Date "2019.01.03"]
[Round "5"]
[White "Srihari L R"]
[Black "Ayush Sharma"]
[Result "1-0"]
[WhiteElo "2316"]
[BlackElo "1778"]
[Annotator "ChessBase"]
[PlyCount "97"]
[EventDate "2018.12.30"]
[EventType "swiss"]
[EventCountry "IND"]
[SourceTitle "playchess.com"]
[Source "ChessBase"]
[SourceQuality "1"]
[TimeControl "40/5400+30:1800+30"]

1. d4 {[%emt 0:00:00]} Nf6 {[%emt 0:00:00]} 2. c4 {[%emt 0:03:25]} e6 {[%emt 0:01:00]} 3. Nf3 {[%emt 0:00:32]} b6 {[%emt 0:00:31]} 4. g3 {[%emt 0:00:13]} Bb7 {[%emt 0:00:06]} 5. Bg2 {[%emt 0:00:11]} c5 {[%emt 0:00:17]} 6. d5 {[%emt 0:03:49]} exd5 {[%emt 0:00:11]} 7. Nh4 {[%emt 0:00:06]} g6 {[%emt 0:01:23]} 8. Nc3 {[%emt 0:01:31]} Bg7 {[%emt 0:00:05]} 9. O-O {[%emt 0:00:44]} O-O {[%emt 0:00:06]} 10. cxd5 {[%emt 0:00:11]} d6 {[%emt 0:00:48]} 11. Rb1 {[%emt 0:10:33]} Na6 {[%emt 0:05:05]} 12. a3 {[%emt 0:05:34]} c4 {[%emt 0:09:43]} 13. Nf3 {[%emt 0:04:18]} Qd7 {[%emt 0:11:14]} 14. Nd4 {[%emt 0:02:41]} Rac8 {[%emt 0:02:21]} 15. Bf4 {[%emt 0:02:29]} Rc5 {[%emt 0:06:23]} 16. e4 {[%emt 0:04:12]} b5 {[%emt 0:04:38]} 17. Nc6 {[%emt 0:04:14]} Nh5 {[%emt 0:06:44]} 18. Be3 {[%emt 0:01:10]} Rxc6 {[%emt 0:02:20]} 19. dxc6 {[%emt 0:00:17]} Bxc6 {[%emt 0:00:04]} 20. Qd2 {[%emt 0:01:27]} Rd8 {[%emt 0:03:44]} 21. Rfd1 {[%emt 0:00:41]} Nf6 {[%emt 0:00:06]} 22. b3 {[%emt 0:24:17]} Ng4 {[%emt 0:10:03]} 23. bxc4 {[%emt 0:02:34]} bxc4 {[%emt 0:00:38]} 24. Bd4 {[%emt 0:01:07]} Ne5 {[%emt 0:04:25]} 25. Nd5 {[%emt 0:01:43]} Nc7 {[%emt 0:11:36]} 26. f4 {[%emt 0:05:04]} c3 {[%emt 0:01:54]} 27. Qxc3 {[%emt 0:01:28]} Bxd5 {[%emt 0:00:08]} 28. exd5 {[%emt 0:00:28]} Nb5 {[%emt 0:00:03]} 29. Rxb5 {[%emt 0:00:19]} Qxb5 {[%emt 0:00:32]} 30. fxe5 {[%emt 0:00:20]} dxe5 {[%emt 0:00:04]} 31. Bxe5 {[%emt 0:00:47]} Qe2 {[%emt 0:00:23]} 32. Re1 {[%emt 0:00:06]} Bxe5 {[%emt 0:00:05]} 33. Qxe5 {[%emt 0:00:08]} Qxe5 {[%emt 0:00:02]} 34. Rxe5 {[%emt 0:00:12]} Kf8 {[%emt 0:00:02]} 35. Re3 {[%emt 0:00:09]} Rd6 {[%emt 0:00:22]} 36. Kf2 {[%emt 0:00:21]} Rb6 {[%emt 0:00:03]} 37. Kf3 {[%emt 0:00:32]} Rf6+ {[%emt 0:00:05]} 38. Kg4 {[%emt 0:01:00]} Rf2 {[%emt 0:00:09]} 39. Kh3 {[%emt 0:00:07]} h5 {[%emt 0:00:23]} 40. Rd3 {[%emt 0:00:00]} g5 {[%emt 0:00:00]} 41. g4 {[%emt 0:01:28]} hxg4+ {[%emt 0:01:04]} 42. Kg3 {[%emt 0:00:01]} Rc2 {[%emt 0:00:11]} 43. d6 {[%emt 0:00:22]} Ke8 {[%emt 0:00:25]} 44. Be4 {[%emt 0:00:31]} Re2 {[%emt 0:00:06]} 45. Bf5 {[%emt 0:00:20]} Re5 {[%emt 0:00:05]} 46. Kxg4 {[%emt 0:00:09]} Re2 {[%emt 0:00:03]} 47. d7+ {[%emt 0:00:14]} Kd8 {[%emt 0:00:03]} 48. Rc3 {[%emt 0:00:10]} Rg2+ {[%emt 0:00:03]} 49. Kh3 {[%emt 0:00:07]} 1-0

[Event "IIFL Wealth  4th Mumbai Junior U-13"]
[Site "Mumbai"]
[Date "2019.01.03"]
[Round "5"]
[White "Aaryan Varshney"]
[Black "Bhagyashree Patil"]
[Result "1-0"]
[WhiteElo "2200"]
[BlackElo "1758"]
[Annotator "TA"]
[PlyCount "67"]
[EventDate "2018.12.30"]
[EventType "swiss"]
[EventCountry "IND"]
[SourceTitle "playchess.com"]
[Source "ChessBase"]
[SourceQuality "1"]

{[%evp 20,67,36,34,35,29,43,47,49,35,40,25,27,39,107,109,89,89,119,37,133,118,154,126,207,203,176,195,175,199,268,283,366,349,583,610,732,728,705,697,1066,1048,1203,1247,29977,4802,3066,2972,3063,2950]} 1. d4 d5 2. c4 c6 3. Nf3 Nf6 4. Nc3 dxc4 5. a4 Bf5 6. e3 {[%cal Be2e3,Be3e4,Be4e5][%mdl 32]} e6 7. Bxc4 Nbd7 8. O-O Be7 9. Qe2 Bg6 10. e4 O-O 11. Rd1 {LiveBook: 3 Games. D18: Slav Defence: 5 a4 Bf5 6 e3} (11. Bf4 Re8 12. a5 Bb4 13. e5 Nd5 14. Bg5 Nxc3 15. bxc3 Be7 16. Bxe7 Qxe7 17. Nd2 Red8 18. Ne4 Bxe4 19. Qxe4 {1-0 (34) Iniyan,P (2481)-Carnicelli,V (2294) Amantea 2018}) 11... Qc7 12. Bg5 Rfe8 13. e5 {White is slightly better.} Nd5 14. Bxd5 (14. Bxe7 {feels hotter.} Nxe7 15. a5 Rad8 16. a6 b6 17. Rac1) 14... exd5 15. Bxe7 Rxe7 16. Nh4 Re6 $146 ({Black should try} 16... f6 $14) ({Predecessor:} 16... Nf6 17. Rac1 Qa5 18. b4 Qxb4 19. Nxg6 hxg6 20. Qd2 Re6 21. exf6 {1-0 (21) Ramirez,C (2249)-Remicio Duque,J (2162) Bucaramanga 2008}) 17. f4 $16 {Black must now prevent f5.} f5 18. Qc2 $36 {[%mdl 2048] White is on the roll.} Qb6 19. g4 (19. a5 $16 Qd8 20. Nxg6 (20. Nxf5 h5 $14)) 19... Qd8 (19... fxg4 $14 20. f5 Nxe5) 20. Nxf5 h5 21. h3 {[%cal Bh2h3,Bh3g4][%mdl 32]} hxg4 (21... Qf8 $16 {might work better.} 22. Ra3 Qf7) 22. hxg4 $18 Bxf5 23. Qxf5 Nf8 24. Kg2 g6 (24... Qe7 {was called for.}) 25. Qd3 ({Not} 25. Qg5 Qxg5 26. fxg5 Nh7 $14) 25... Qh4 26. Qf3 Rae8 $2 {[#]} (26... Qh6 27. Qg3 Qg7) 27. Rh1 Qd8 28. f5 R6e7 29. f6 Rc7 30. Rh6 Qc8 31. Rah1 a6 32. Ne2 (32. Rh8+ $142 Kf7 33. Ne2 b6 34. Nf4 g5 35. e6+ Rxe6 {[#]} 36. Rxf8+ $1 {[%mdl 512]} Kxf8 37. Rh8+ Kf7 38. Rxc8 Rxc8 39. Nxe6 Kxe6 40. Qf5+ Kf7 41. Qxc8) 32... Kf7 33. Nf4 b5 34. Qh3 {Precision: White = 66%, Black = 27%.} 1-0

[Event "IIFL Wealth  4th Mumbai Junior U-13"]
[Site "Mumbai"]
[Date "2019.01.03"]
[Round "5"]
[White "Nikhil Magizhnan"]
[Black "Vivaan Vijay Saraogi"]
[Result "1-0"]
[WhiteElo "2148"]
[BlackElo "1290"]
[Annotator "ChessBase"]
[PlyCount "223"]
[EventDate "2018.12.30"]
[EventType "swiss"]
[EventCountry "IND"]
[SourceTitle "playchess.com"]
[Source "ChessBase"]
[SourceQuality "1"]
[TimeControl "40/5400+30:1800+30"]

1. e4 {[%emt 0:00:00]} e5 {[%emt 0:00:00]} 2. Nf3 {[%emt 0:00:00]} Nc6 {[%emt 0:00:00]} 3. d4 {[%emt 0:00:33]} exd4 {[%emt 0:00:05]} 4. Bc4 {[%emt 0:00:08]} Bc5 {[%emt 0:00:34]} 5. Ng5 {[%emt 0:02:53]} Nh6 {[%emt 0:00:13]} 6. Nxf7 {[%emt 0:04:32]} Nxf7 {[%emt 0:00:02]} 7. Bxf7+ {[%emt 0:00:12]} Kxf7 {[%emt 0:00:12]} 8. Qh5+ {[%emt 0:00:03]} g6 {[%emt 0:00:21]} 9. Qxc5 {[%emt 0:02:40]} Kg7 {[%emt 0:01:05]} 10. O-O {[%emt 0:06:01]} d6 {[%emt 0:00:19]} 11. Qg5 {[%emt 0:01:05]} Qxg5 {[%emt 0:00:45]} 12. Bxg5 {[%emt 0:00:10]} Re8 {[%emt 0:00:37]} 13. f3 {[%emt 0:00:19]} Nb4 {[%emt 0:01:49]} 14. Na3 {[%emt 0:00:58]} Na6 {[%emt 0:05:02]} 15. Nb5 {[%emt 0:01:50]} Re5 {[%emt 0:00:08]} 16. Nxc7 {[%emt 0:02:42]} Nxc7 {[%emt 0:00:42]} 17. Bf4 {[%emt 0:00:34]} Re6 {[%emt 0:00:30]} 18. Rad1 {[%emt 0:00:29]} b6 {[%emt 0:29:12]} 19. Rxd4 {[%emt 0:01:46]} Ba6 {[%emt 0:05:02]} 20. Rfd1 {[%emt 0:00:54]} Nb5 {[%emt 0:00:50]} 21. Ra4 {[%emt 0:05:33]} Bb7 {[%emt 0:00:48]} 22. Rb4 {[%emt 0:00:44]} Nc7 {[%emt 0:00:58]} 23. Rxd6 {[%emt 0:09:39]} Rxd6 {[%emt 0:00:17]} 24. Bxd6 {[%emt 0:00:10]} Ne8 {[%emt 0:00:11]} 25. Bf4 {[%emt 0:01:36]} Rd8 {[%emt 0:00:37]} 26. Be3 {[%emt 0:00:54]} Nf6 {[%emt 0:07:48]} 27. Ra4 {[%emt 0:03:10]} a6 {[%emt 0:00:15]} 28. Bxb6 {[%emt 0:05:41]} Rd1+ {[%emt 0:00:07]} 29. Kf2 {[%emt 0:00:06]} Rd2+ {[%emt 0:00:06]} 30. Ke3 {[%emt 0:00:50]} Rxc2 {[%emt 0:00:11]} 31. Bd4 {[%emt 0:01:16]} Kf7 {[%emt 0:02:46]} 32. Rb4 {[%emt 0:09:33]} Bc8 {[%emt 0:00:36]} 33. Rb6 {[%emt 0:03:25]} Nd7 {[%emt 0:11:51]} 34. Rb3 {[%emt 0:01:07]} Ke7 {[%emt 0:00:10]} 35. Rc3 {[%emt 0:02:50]} Rxc3+ {[%emt 0:00:55]} 36. Bxc3 {[%emt 0:00:29]} Ke6 {[%emt 0:01:13]} 37. Bd4 {[%emt 0:00:22]} Nb8 {[%emt 0:01:45]} 38. Kf4 {[%emt 0:04:22]} h6 {[%emt 0:02:22]} 39. h4 {[%emt 0:00:31]} Nc6 {[%emt 0:02:01]} 40. Bg7 {[%emt 0:00:00]} h5 {[%emt 0:00:00]} 41. Bc3 {[%emt 0:00:44]} Nd8 {[%emt 0:01:36]} 42. Ke3 {[%emt 0:00:55]} Nb7 {[%emt 0:01:22]} 43. Kf4 {[%emt 0:03:10]} Nc5 {[%emt 0:01:08]} 44. Bd4 {[%emt 0:00:38]} Nd3+ {[%emt 0:00:28]} 45. Ke3 {[%emt 0:02:41]} Nb4 {[%emt 0:00:07]} 46. Bc3 Nc6 {[%emt 0:00:48]} 47. Kd3 {[%emt 0:01:00]} Nd8 {[%emt 0:00:37]} 48. Bd2 {[%emt 0:02:08]} Nb7 {[%emt 0:00:15]} 49. Ke3 {[%emt 0:00:49]} Bd7 {[%emt 0:00:53]} 50. b3 {[%emt 0:02:03]} Bb5 {[%emt 0:02:27]} 51. Bb4 {[%emt 0:03:47]} Bd7 {[%emt 0:02:47]} 52. Kf4 {[%emt 0:01:02]} Bb5 {[%emt 0:00:32]} 53. Ke3 {[%emt 0:01:14]} Bd7 {[%emt 0:00:07]} 54. Kd4 {[%emt 0:00:15]} Bb5 {[%emt 0:00:14]} 55. g3 {[%emt 0:00:47]} Bd7 {[%emt 0:00:17]} 56. Ke3 {[%emt 0:01:39]} Nd8 {[%emt 0:01:11]} 57. Bc3 {[%emt 0:00:24]} Bb5 {[%emt 0:00:47]} 58. Bd4 {[%emt 0:00:45]} Nf7 {[%emt 0:01:31]} 59. Bc3 {[%emt 0:00:48]} Nd8 {[%emt 0:00:16]} 60. Bd4 {[%emt 0:00:49]} Nf7 {[%emt 0:00:22]} 61. Bb6 {[%emt 0:00:45]} Nd6 {[%emt 0:00:33]} 62. Kd4 {[%emt 0:00:29]} Nb7 {[%emt 0:00:20]} 63. Bc7 {[%emt 0:00:44]} Kd7 {[%emt 0:00:18]} 64. Bb8 {[%emt 0:01:09]} Ke6 {[%emt 0:12:59]} 65. Ba7 {[%emt 0:01:28]} Be8 {[%emt 0:00:43]} 66. Bb6 {[%emt 0:01:32]} Bc6 {[%emt 0:06:33]} 67. Ke3 {[%emt 0:01:10]} Nd6 {[%emt 0:00:12]} 68. Bc5 {[%emt 0:00:17]} Nb7 {[%emt 0:01:51]} 69. Bb4 {[%emt 0:00:01]} Nd8 {[%emt 0:00:17]} 70. Kf4 {[%emt 0:00:17]} Nf7 {[%emt 0:00:12]} 71. Bc3 {[%emt 0:00:24]} Bb5 {[%emt 0:00:30]} 72. Bd4 {[%emt 0:00:42]} Bd7 {[%emt 0:00:14]} 73. Bb6 {[%emt 0:01:06]} Bc6 {[%emt 0:00:20]} 74. Ke3 {[%emt 0:01:24]} Nd6 {[%emt 0:00:14]} 75. Bc5 {[%emt 0:00:10]} Nb7 {[%emt 0:00:34]} 76. Bb4 {[%emt 0:00:14]} Nd8 {[%emt 0:00:08]} 77. Ba5 {[%emt 0:00:09]} Nb7 {[%emt 0:01:11]} 78. Bc7 {[%emt 0:00:13]} Kd7 {[%emt 0:00:05]} 79. Bb6 {[%emt 0:00:23]} Nd6 {[%emt 0:00:57]} 80. Kd4 {[%emt 0:00:15]} Ke6 {[%emt 0:04:47]} 81. Kc5 {[%emt 0:01:01]} Bb5 {[%emt 0:00:05]} 82. Bc7 {[%emt 0:00:26]} Ne8 {[%emt 0:01:07]} 83. Bf4 {[%emt 0:01:22]} Be2 {[%emt 0:00:23]} 84. Kb6 {[%emt 0:00:15]} Nf6 {[%emt 0:01:08]} 85. b4 {[%emt 0:01:25]} Bxf3 {[%emt 0:00:30]} 86. Kxa6 {[%emt 0:00:13]} Bxe4 {[%emt 0:00:10]} 87. b5 {[%emt 0:01:20]} Bd3 {[%emt 0:00:16]} 88. a4 {[%emt 0:00:12]} Nd5 {[%emt 0:00:10]} 89. Bd2 {[%emt 0:00:30]} Kd7 {[%emt 0:00:12]} 90. Ka7 {[%emt 0:00:17]} Nf6 {[%emt 0:01:12]} 91. b6 {[%emt 0:00:22]} Be4 {[%emt 0:00:05]} 92. b7 {[%emt 0:00:49]} Bxb7 {[%emt 0:00:14]} 93. Kxb7 {[%emt 0:00:02]} Ne4 {[%emt 0:00:31]} 94. Bb4 {[%emt 0:00:22]} Nxg3 {[%emt 0:00:12]} 95. a5 {[%emt 0:00:35]} Nf5 {[%emt 0:00:18]} 96. a6 {[%emt 0:00:31]} Nxh4 {[%emt 0:00:04]} 97. a7 {[%emt 0:00:04]} g5 {[%emt 0:00:07]} 98. a8=Q {[%emt 0:00:04]} Ke6 {[%emt 0:00:05]} 99. Qe8+ {[%emt 0:00:19]} Kf5 {[%emt 0:00:06]} 100. Qxh5 {[%emt 0:00:20]} Ng2 {[%emt 0:00:19]} 101. Qh3+ {[%emt 0:00:07]} g4 {[%emt 0:00:04]} 102. Qxg2 {[%emt 0:00:09]} Kf4 {[%emt 0:00:19]} 103. Kc6 {[%emt 0:00:04]} g3 {[%emt 0:00:07]} 104. Bd6+ {[%emt 0:00:08]} Ke3 {[%emt 0:00:09]} 105. Qxg3+ {[%emt 0:00:02]} Ke4 {[%emt 0:00:16]} 106. Qf4+ {[%emt 0:00:02]} Kd3 {[%emt 0:00:09]} 107. Kd5 {[%emt 0:00:03]} Kc3 {[%emt 0:00:11]} 108. Qe3+ {[%emt 0:00:02]} Kc2 {[%emt 0:00:15]} 109. Kc4 {[%emt 0:00:05]} Kb2 {[%emt 0:00:07]} 110. Qf2+ {[%emt 0:00:10]} Ka1 {[%emt 0:00:09]} 111. Be5+ {[%emt 0:00:06]} Kb1 {[%emt 0:00:01]} 112. Qb2# {[%emt 0:00:03]} 1-0

[Event "IIFL Wealth  4th Mumbai Junior U-13"]
[Site "Mumbai"]
[Date "2019.01.03"]
[Round "5"]
[White "Manish, Kumar"]
[Black "Dhanvij Ansh"]
[Result "1-0"]
[WhiteElo "2132"]
[BlackElo "1523"]
[Annotator "TA"]
[PlyCount "79"]
[EventDate "2018.12.30"]
[EventType "swiss"]
[EventCountry "IND"]
[SourceTitle "playchess.com"]
[Source "ChessBase"]
[SourceQuality "1"]

{[%evp 41,79,39,35,32,36,31,46,44,121,110,129,102,71,8,254,259,251,248,240,243,345,391,482,452,588,577,533,541,579,570,642,614,648,616,721,624,883,884,944,1006]} 1. e4 c6 2. d4 d5 3. Nc3 dxe4 4. Nxe4 Bf5 5. Ng3 Bg6 6. h4 h6 7. Nf3 Nd7 8. h5 Bh7 9. Bd3 Bxd3 10. Qxd3 Ngf6 11. Bd2 e6 12. O-O-O Be7 13. Ne4 Nxe4 14. Qxe4 Nf6 15. Qe2 Qd5 16. c4 Qe4 17. Qxe4 {B19: Classical Caro-Kann: 4...Bf5 main line} Nxe4 18. Be3 O-O 19. Ne5 Rfd8 20. g4 c5 21. f3 cxd4 {LiveBook: 10 Games} 22. Rxd4 Rxd4 23. Bxd4 Ng3 24. Re1 {[#]} Bb4 $146 {[#]} (24... Bh4 $14) ({Predecessor:} 24... Bh4) 25. Rd1 $1 $16 Bd6 {...Ne2+ is the strong threat.} 26. Kd2 Rd8 {aiming for ...Bxe5.} 27. Ke1 (27. Nd3 $16) 27... f6 $2 {[#]} (27... Bb4+ $11 {and Black has nothing to worry.} 28. Bc3 Rxd1+ 29. Kxd1 Bxc3 30. bxc3 f6) 28. Bc5 $1 $18 {[%mdl 576] Pin} Bc7 {And now ...Rxd1+ would win.} (28... Bxc5 29. Rxd8+) 29. Rxd8+ Bxd8 {[%mdl 4096] Endgame KBN-KBN} 30. Nd3 Bc7 (30... f5 $142 31. Bxa7 fxg4) 31. Bxa7 f5 32. Nc5 $1 {[%csl LRb7,LRe6] White is clearly winning.} Kf7 33. Nxb7 fxg4 34. fxg4 Ne4 35. Ke2 Nf6 36. Kf3 Nd7 37. Bd4 Be5 38. Ke4 Bxd4 39. Kxd4 Kf6 40. b4 {Accuracy: White = 69%, Black = 22%.} 1-0

[Event "IIFL Wealth  4th Mumbai Junior U-13"]
[Site "Mumbai"]
[Date "2019.01.03"]
[Round "5"]
[White "Manish Anto Cristiano F"]
[Black "Pingale Shivraj"]
[Result "1-0"]
[WhiteElo "2065"]
[BlackElo "1580"]
[Annotator "NA RC"]
[PlyCount "93"]
[EventDate "2018.12.30"]
[EventType "swiss"]
[EventCountry "IND"]
[SourceTitle "playchess.com"]
[Source "ChessBase"]
[SourceQuality "1"]
[TimeControl "40/5400+30:1800+30"]

1. d4 {[%emt 0:00:00]} d5 {[%emt 0:00:00]} 2. c4 {[%emt 0:00:04]} c6 {[%emt 0:00:00]} 3. Nc3 {[%emt 0:00:29]} Nf6 {[%emt 0:00:43]} 4. e3 {[%emt 0:00:32]} e6 {[%emt 0:00:07]} 5. Nf3 {[%emt 0:00:30]} Bd6 {[%emt 0:00:18]} 6. Qc2 {[%emt 0:02:55]} Nbd7 {[%emt 0:01:00]} 7. Bd3 {[%emt 0:00:19]} O-O {[%emt 0:00:12]} 8. O-O {[%emt 0:01:27]} dxc4 {[%emt 0:02:57]} 9. Bxc4 {[%emt 0:01:25]} b5 {[%emt 0:00:53]} 10. Be2 {[%emt 0:03:36]} Bb7 {[%emt 0:03:13]} 11. e4 {[%emt 0:03:34]} e5 {[%emt 0:02:15]} 12. Rd1 {[%emt 0:05:35] D46: Semi-Slav: 5 e3 Nbd7 6 Bd3, Black avoids the Meran} (12. dxe5 Nxe5 13. Nh4 Bc8 14. h3 Ng6 15. Nf5 Bxf5 16. exf5 Nf4 17. Bf3 Rc8 18. Rd1 Qe7 19. Be3 Rfd8 {1-0 (56) Aronian,L (2793)-Giri,A (2771) Leuven 2017}) 12... Qe7 {[%emt 0:08:00]} 13. dxe5 {[%emt 0:03:29] LiveBook: 26 Games} Bxe5 {[%emt 0:01:30]} 14. Nxe5 {[%emt 0:04:36]} Nxe5 {[%emt 0:02:39]} 15. h3 {[%emt 0:03:01]} Ned7 $146 {[%emt 0:04:05]} ({Predecessor:} 15... Rfd8 16. Be3 a6 17. f4 Ng6 18. e5 Nd5 19. Nxd5 Rxd5 {1-0 (31) Cheremnova,T (2245)-Zaichenko,D (2145) Irkutsk 2010}) 16. a3 {[%emt 0:05:14]} a5 {[%emt 0:06:25]} 17. Be3 {[%emt 0:02:55]} Rfc8 {[%emt 0:11:49]} 18. f3 {[%emt 0:04:22]} b4 {[%emt 0:02:17]} 19. axb4 {[%emt 0:02:54]} axb4 {[%emt 0:00:27]} 20. Rxa8 {[%emt 0:01:03]} Bxa8 {[%emt 0:02:52]} 21. Na4 {[%emt 0:00:37]} c5 {[%emt 0:00:35]} 22. Ba6 {[%emt 0:03:40]} Rc6 {[%emt 0:08:23]} 23. Bb5 {[%emt 0:04:49]} Rc8 {[%emt 0:00:20]} 24. b3 {[%emt 0:10:39]} Bb7 {[%emt 0:07:19]} 25. Rc1 {[%emt 0:03:00]} Qd8 {[%emt 0:05:00]} 26. Qd2 {[%emt 0:02:23]} Qe7 {[%emt 0:02:28]} 27. Qf2 {[%emt 0:01:57]} Qd8 {[%emt 0:06:52]} 28. Nxc5 {[%emt 0:02:39]} Nxc5 {[%emt 0:00:54]} 29. Rxc5 {[%emt 0:00:39]} Rxc5 {[%emt 0:00:32]} 30. Bxc5 {[%emt 0:00:13]} Qd1+ {[%emt 0:00:14]} 31. Kh2 {[%emt 0:01:02]} Qxb3 {[%emt 0:01:32]} 32. Qd4 {[%emt 0:02:10]} h6 {[%emt 0:01:06]} 33. e5 {[%emt 0:03:33]} Nd5 {[%emt 0:02:21]} 34. Bc4 {[%emt 0:01:12]} Qc3 {[%emt 0:00:33]} 35. Qe4 {[%emt 0:01:03]} b3 {[%emt 0:01:09] [#]} 36. e6 $16 {[%emt 0:02:36]} fxe6 {[%emt 0:01:46]} 37. Qxe6+ {[%emt 0:00:04]} Kh8 {[%emt 0:01:39]} 38. Qe8+ {[%emt 0:01:53]} Kh7 {[%emt 0:00:19]} 39. Qe4+ {[%emt 0:00:08]} Kh8 {[%emt 0:00:21]} 40. Bd4 {[%emt 0:00:00]} Qxc4 {[%emt 0:00:00]} 41. Bxg7+ {[%emt 0:00:51]} Kxg7 {[%emt 0:05:46]} 42. Qxc4 {[%emt 0:00:08]} b2 {[%emt 0:00:30]} 43. Qd4+ {[%emt 0:00:08]} Kg6 {[%emt 0:00:13]} 44. Qxb2 {[%emt 0:00:08]} Bc8 {[%emt 0:01:06]} 45. g4 {[%emt 0:00:40]} Be6 {[%emt 0:00:19]} 46. Qe5 {[%emt 0:00:10]} Kf7 {[%emt 0:00:50]} 47. f4 1-0

[Event "IIFL Wealth  4th Mumbai Junior U-13"]
[Site "Mumbai"]
[Date "2019.01.03"]
[Round "5"]
[White "Shah Jeet"]
[Black "Balkawade Sai"]
[Result "1-0"]
[WhiteElo "1904"]
[BlackElo "1482"]
[Annotator "NA RC"]
[PlyCount "34"]
[EventDate "2018.12.30"]
[EventType "swiss"]
[EventCountry "IND"]
[SourceTitle "playchess.com"]
[Source "ChessBase"]
[SourceQuality "1"]
[TimeControl "40/5400+30:1800+30"]

1. e4 {[%emt 0:00:00]} e6 {[%emt 0:00:00]} 2. d4 {[%emt 0:00:00]} d5 {[%emt 0:00:00]} 3. Nc3 {[%emt 0:00:07]} Bb4 {[%emt 0:00:14]} 4. e5 {[%emt 0:00:46]} c5 {[%emt 0:00:17]} 5. a3 {[%emt 0:00:27]} Bxc3+ {[%emt 0:00:19]} 6. bxc3 {[%emt 0:00:02]} Ne7 {[%emt 0:00:19]} 7. Qg4 {[%emt 0:02:07]} Qc7 {[%emt 0:02:23]} 8. Qxg7 {[%emt 0:00:55]} Rg8 {[%emt 0:00:23]} 9. Qxh7 {[%emt 0:00:07]} cxd4 {[%emt 0:00:13]} 10. Ne2 {[%emt 0:02:05]} Nbc6 {[%emt 0:00:42]} 11. f4 {[%emt 0:02:36]} Bd7 {[%emt 0:02:05]} 12. Qd3 {[%emt 0:03:47]} ({Of course not} 12. cxd4 Nxd4 13. Ra2 Nxe2 $17) 12... dxc3 {[%emt 0:01:36]} 13. Nxc3 {[%emt 0:03:07]} a6 {[%emt 0:04:08]} 14. Rb1 {[%emt 0:10:03]} Na5 $14 {[%emt 0:02:10] LiveBook: 74 Games} 15. Rg1 {[%emt 0:24:34]} Rc8 {[%emt 0:04:48]} 16. Bd2 {[%emt 0:00:40]} Nc4 {[%emt 0:01:17]} 17. Ne2 {[%emt 0:02:16]} Bb5 {[%emt 0:35:18]} 1-0

[Event "IIFL Wealth  4th Mumbai Junior U-13"]
[Site "Mumbai"]
[Date "2019.01.03"]
[Round "5"]
[White "Jain Kashish Manoj"]
[Black "Gukesh D"]
[Result "1-0"]
[WhiteElo "1853"]
[BlackElo "2466"]
[Annotator "TA"]
[PlyCount "94"]
[EventDate "2018.12.30"]
[EventType "swiss"]
[EventCountry "IND"]
[SourceTitle "playchess.com"]
[Source "ChessBase"]
[SourceQuality "1"]

{[%evp 20,94,33,36,36,29,36,28,25,25,38,45,55,56,55,67,66,35,46,42,50,45,47,49,41,44,53,0,27,30,46,33,52,47,37,43,51,45,54,46,54,54,62,47,57,70,179,177,188,160,187,156,398,271,437,288,296,288,319,327,316,310,316,301,350,310,495,386,939,939,1167,525,1281,1191,1054,1022,29993]} 1. Nf3 Nf6 2. g3 g6 3. Bg2 Bg7 4. O-O O-O 5. c4 d6 6. Nc3 e5 7. d3 h6 8. Rb1 Re8 {A24: English Opening vs King's Indian: Lines without ...Nc6} (8... a5 9. h3 Re8 10. e4 c6 11. Re1 Nbd7 12. Be3 Qe7 13. a3 Nc5 14. b4 axb4 15. axb4 Ne6 16. Qd2 Kh7 {½-½ (80) Kovalenko,I (2626)-Cheparinov,I (2681) Yerevan 2014}) 9. Nd2 Nc6 {[%cal Bb8c6,Bc6e7,Be7d5,Bd5c3][%mdl 32]} 10. b4 a6 11. a4 {LiveBook: 3 Games} Ne7 12. b5 axb5 13. axb5 d5 $146 ({Predecessor:} 13... c6 14. Bb2 d5 15. Qc2 Nf5 16. bxc6 bxc6 17. Na4 dxc4 18. Nxc4 Ra7 19. Nab6 Nd4 20. Bxd4 Qxd4 21. Bxc6 {½-½ (31) Humphreys,S (2370)-Parmet,D (2375) ICCF email 2014}) 14. cxd5 Nexd5 15. Nde4 {[%cal Bd2e4,Be4c3,Bc3a4,Ba4c5][%mdl 32]} Nxc3 16. Nxc3 Rb8 17. Qc2 Be6 18. Ba3 Qd7 19. Na4 Bh3 20. Nc5 Qc8 21. Rfc1 Bxg2 22. Kxg2 Nd5 23. e4 (23. Bb2 $14) 23... Nf6 (23... Nf4+ $5 24. gxf4 Qg4+ 25. Kf1 exf4 $14) 24. Nb3 Qd8 25. Bb2 Nh5 26. Qxc7 Qxd3 27. Qc4 Qd7 28. Qe2 Nf6 29. Nc5 Qd6 30. Nd3 Nh7 31. Rc3 Ng5 32. Nc5 b6 (32... Red8 $14) 33. Rd1 $18 {[%cal Bb1d1,Bd1d7,Bd7c7][%mdl 32]} Qe7 {[#]} 34. Rd7 $1 $36 {[%cal Rd7e7][%mdl 2048] White is in control.} Qf6 35. Na6 Rbc8 $2 (35... Rbd8 $16 36. Rxd8 Rxd8) 36. Rdc7 Rcd8 $2 (36... Ra8 37. R7c6 Ne6) 37. R7c6 Ne6 38. Nc7 Qg5 39. Rxe6 Rxe6 40. Nxe6 fxe6 41. Bc1 Qe7 42. Rc6 Qb4 (42... h5 $142 43. Rxb6 Rc8) 43. Rxb6 Rc8 $2 {[#]} (43... Re8 44. Rc6 Kh7) 44. Qg4 {White is clearly winning.} Qc4 45. Be3 (45. Qxg6 $142 Kh8 46. Bxh6 Bxh6 47. Qxh6+ Kg8 48. Qg6+ Kf8 49. Rxe6 Qxe6 50. Qxe6) 45... Kh7 46. Rxe6 g5 47. b6 Qd4 {Precision: White = 72%, Black = 33%.} 1-0